| 000 | 00665cam a2200181 i 4500 | ||
|---|---|---|---|
| 005 | 20251108172759.0 | ||
| 008 | 250721s1994 ua gr 000 0 ara d | ||
| 020 | _a9772770113 | ||
| 082 | 1 | 4 |
_a138 _bك ا ش |
| 100 | 1 |
_aالكاشف، جمال _eمؤلف. |
|
| 245 | 2 | 0 |
_aالفراسة بين الأمس و اليوم : _bكيف تتقرس في وجوه الناس وتقرأ أفكارهم ؟ / _cجمال الكاشف. |
| 264 | 3 | 1 |
_aالقاهرة : _bدار الطلائع للنشر والتوزيع، _c1994. |
| 300 | _a143 صفحة. | ||
| 650 | 1 | 7 | _aالفراسه. |
| 650 | 1 | 7 | _aعلم النفس. |
| 942 |
_2ddc _cBK |
||
| 999 |
_c88308 _d88308 |
||